00738nam a22001697a 4500003000900000008004100009040007100050082001800121100002200139245006100161260004200222300002600264505016300290650004500453650004100498650002900539AR-CdUCM190312b ||||| |||| 00| 0 spa d aMUNICIPALIDAD PROVINCIAL DEL CUSCOcBIBLIOTECA MUNICIPAL DEL CUSCO a982.03 /bB47 aBidondo, Emilio A aLa guerra de la independencia en el norte de argentino / aBuenos Aires :bUniversitaria,c1976. a306 paginas ;c23 cm. aContenido : La provincia de Jujuy a comienzos del siglo XIX -- Breve descripción geográfica -- La llanura subtropical y trópica -- El valle central ...  aLucha por la independencia de Argentina  aHistoria y geografía de Argentina  aHistoria Latinoamericana